LEADER 01057nam0 22002651i 450 001 UON00065377 005 20231205102327.887 100 $a20020107d1984 |0itac50 ba 101 $aeng 102 $aUS 105 $a|||| 1|||| 200 1 $aDe Gaulle, the Army and Algeria$ethe civil-Military conflict over decolonization, 1958-1962$fPeter Maxwell Geismar 205 $aAnn Arbor : University Microfilms International$b1984 210 $a249 p.$a20 cm 215 $aPh. D. Columbia University, 1967 620 $aUS$dAnn Arbor (Michigan)$3UONL000025 686 $aALG IV$cALGERIA - STORIA$2A 700 1$aGEISMAR$bPeter Maxwell$3UONV041978$0657105 712 $aUMI$3UONV245796$4650 801 $aIT$bSOL$c20240220$gRICA 899 $aSIBA - SISTEMA BIBLIOTECARIO DI ATENEO$2UONSI 912 $aUON00065377 950 $aSIBA - SISTEMA BIBLIOTECARIO DI ATENEO$dSI ALG IV 034 $eSI SA 40813 5 034 996 $aDe Gaulle, the Army and Algeria$91170212 997 $aUNIOR LEADER 01289nam 2200433 450 001 9910817220103321 005 20230803015034.0 010 $a2-336-67916-7 035 $a(CKB)3780000000046759 035 $a(MiAaPQ)EBC6669202 035 $a(Au-PeEL)EBL6669202 035 $a(OCoLC)1260346763 035 $a(EXLCZ)993780000000046759 100 $a20220530d2013 uy 0 101 0 $afre 135 $aurcnu|||||||| 181 $ctxt$2rdacontent 182 $cc$2rdamedia 183 $acr$2rdacarrier 200 10$aPour un syste?me e?ducatif re?aliste et sans e?litisme /$fJacques-Adrien Perret, Samuel Mayol 210 1$aParis :$cL'Harmattan,$d[2013] 210 4$dİ2013 215 $a1 online resource (134 pages) 225 1 $aQuestions contemporaines 311 $a2-343-01941-X 311 $a2-336-32906-9 410 0$aCollection Questions contemporaines. 606 $aEducation and state$zFrance 615 0$aEducation and state 676 $a379.44 700 $aPerret$b Jacques$f1929-$01639091 702 $aMayol$b Samuel 801 0$bMiAaPQ 801 1$bMiAaPQ 801 2$bMiAaPQ 906 $aBOOK 912 $a9910817220103321 996 $aPour un syste?me e?ducatif re?aliste et sans e?litisme$93981849 997 $aUNINA